MARC

LEADER 00000nam a22000007a 4500
005 20170604225447.0
007 cr|||| ||||
008 170604s2017 mx |||||s|||| 00||0 spa d
035 |a 20319 
040 |a vLex 
090 |c 6747  |d 6747 
100 1 |a Přez Garca̕, Ximena 
245 1 0 |a Praxis de los derechos de la personalidad  |h [Recurso electrn̤ico] /  |c Ximena Přez Garca̕, Cšar Balcz̀ar Bonilla, Lilian Elideth Rosas Reyes, Cecilia Sǹchez Guzmǹ, Emiliano Aguilar Sandoval, Rachel Bľper ℓvila Rodrg̕uez, Sergio Moisš Gutiřrez Hernǹdez, Claudia Carla Hernǹdez Ledesma, Luis Alberto Gonsen Gl̀vez, Itzel Santiago Ortiz, Esmeralda Flores Marcial, Cristian Daniel ℓvila Jimňez, Vern̤ica Garzn̤ Bonetti, Marcos Jair Rebollar Sǹchez, Elvia Luca̕ Flores ℓvalos 
256 |a Servicio en ln̕ea 
260 |a Barcelona:  |b Editorial vLex,  |c 2017 
300 |a 1 recurso electrn̤ico 
506 1 |a Disponible solo en los productos indicados  |d vLex Global  |d vLex Global (Academic Edition, excluding Law Schools)  |d vLex Global (U.S. Academic Edition, Law Schools)  |d vLex Global (U.S. Academic Edition, excluding Law Schools)  |d vLex Global (Academic Edition, Law Schools) 
650 0 4 |a Derechos y Deberes fundamentales  |z Mx̌ico 
700 1 |a Balcz̀ar Bonilla, Cšar 
700 1 |a Rosas Reyes, Lilian Elideth 
700 1 |a Sǹchez Guzmǹ, Cecilia 
700 1 |a Aguilar Sandoval, Emiliano 
700 1 |a ℓvila Rodrg̕uez, Rachel Bľper 
700 1 |a Gutiřrez Hernǹdez, Sergio Moisš 
700 1 |a Hernǹdez Ledesma, Claudia Carla 
700 1 |a Flores ℓvalos, Elvia Luca̕ 
700 1 |a Gonsen Gl̀vez, Luis Alberto 
700 1 |a Santiago Ortiz, Itzel 
700 1 |a Flores Marcial, Esmeralda 
700 1 |a ℓvila Jimňez, Cristian Daniel 
700 1 |a Garzn̤ Bonetti, Vern̤ica 
700 1 |a Rebollar Sǹchez, Marcos Jair 
740 0 |a vLex Libros (Servicio en ln̕ea) 
856 4 0 |u http://vlex.com/source/praxis-derechos-personalidad-20319  |z Acceso restringido 
942 |c BOOK 
999 0 |a Fundamental Rights and Duties